| 000 | 00859nam a22002177a 4500 | ||
|---|---|---|---|
| 008 | 090811t xxu||||| |||| 00| 0 eng d | ||
| 010 | _aB-317449 | ||
| 020 |
_a9780195681529 _c245-00 |
||
| 035 | _aB-317449 | ||
| 037 |
_aUBH _bRP/CL/E;13/20-02-09/25-02-09/28-02-09 |
||
| 040 |
_adpl _beng |
||
| 082 | _a005.13 | ||
| 100 | _aSahay Sourav | ||
| 245 |
_aObject Oriented Programming With C++/ _cby Sourav Sahay |
||
| 260 |
_aNew delhi _bOxford University Press _c2006 |
||
| 270 |
_aYMCA Library Building Jai Singh Road _bNew Delhi _e110001 |
||
| 300 |
_avii, 477pgs _c24cm |
||
| 942 |
_2ddc _cEN _h005.13 _mSAH |
||
| 999 |
_c29152 _d29152 |
||